Quiz wiedzy ogólnej #11 - Statystyki

Ogólne statystyki
  • Ten quiz został rozwiązany 5 977 razy
  • Średni wynik to 8 z 20
Statystyki odpowiedzi
Pytanie Odpowiedź % Poprawnych
Jaka religia ma najwięcej wyznawców w Indiach? Hinduizm
82%
Pod jaką nazwą bardziej znany jest Dwayne Johnson? The Rock
81%
Co było zakazane w Stanach Zjednoczonych w czasach prohibicji? Sprzedaż {alkoholu}
73%
Jak nazywa się okres czasu pomiędzy Środą Popielcową a Wielkanocą? Post
72%
Jaki był najpowszechniej używany przedmiot do pisania w zachodnim świecieod VI do XIX wieku? Pióro
69%
Chiński zodiak składa się z 12 zwierząt. Które z nich jest fikcyjne? Smok
66%
Jaki gigantyczny ptak widnieje na herbie Australii? Emu
56%
W jakim obecnym państwie stoczyła się wojna peloponeska? Grecja
55%
W jakiej serii książek występują bohaterowie o imionach Bella, Edward i Jacob? Zmierzch
55%
Jak nazywa się równanie o podanym wzorze? ax2 + bx + c = 0 Równanie {kwadratowe}
52%
W jakim państwie znajduje się Angkor Wat? Kambodża
35%
Kto sparodiował Adolfa Hitlera w filmie "Dyktator"? Charlie Chaplin
34%
W jakiej grze wideo można wykonać Tiger Uppercut lub Hadouken? Street Fighter
18%
Kto był pierwszym chrześcijańskim cesarzem Rzymu? Konstantyn I Wielki
17%
Jaka jest stolica stanu Queensland w Australii? Brisbane
16%
Jaki muzyczny duet został przyłapany na śpiewaniu z playbacku w 1989 roku? Milli Vanilli
14%
Jaki prezent tradycyjnie wręcza się z okazji 25. rocznicy ślubu? Srebro
10%
Jakie lotnisko w Chicago było najbardziej ruchliwym na świecie w 1998 roku? O'Hare
8%
Jaka firma dominuje w branży wydobywania i handlu diamentami? De Beers
3%
Jak pisze się słowa "świńska łacina" w świńskiej łacinie? Igpay Atinlay
2%
Nie znaleziono quizów pasujących do podanych kryteriów
Rozkład punktacji
Procent ludzi z każdym wynikiem
Percentyl według liczby udzielonych odpowiedzi
Twoja historia wyników
Nie rozwiązałeś tego quizu